[Event "DOM-ch"]
[Site "Santo Domingo"]
[Date "2019.05.03"]
[Round "5"]
[White "Urena, Andoreny"]
[Black "Velez Espiritusantos, Brunildo E"]
[Result "0-1"]
[WhiteElo "1849"]
[BlackElo "1966"]
[PlyCount "63"]
[EventDate "2019.04.26"]
[EventType "swiss"]
[EventRounds "11"]
[EventCountry "DOM"]
[SourceTitle "CBM 190 Extra"]
[Source "ChessBase"]
[SourceDate "2019.07.15"]
[SourceVersion "1"]
[SourceVersionDate "2019.07.15"]
[SourceQuality "1"]

1. d4 d5 2. Bf4 Nf6 3. Nf3 c6 4. Nbd2 Bf5 5. h3 h6 6. e3 e6 7. Be2 Bd6 8. Ne5 Qe7 9. 0-0 Nbd7 10. c4 0-0 11. Rc1 Ne4 12. Nxe4 Bxe4 13. f3 Bh7 14. Bd3 Bxd3 15. Qxd3 dxc4 16. Rxc4 Rfd8 17. Qb3 Nb6 18. Rc2 Nd5 19. Bh2 a5 20. a3 a4 21. Qd3 c5 22. f4 cxd4 23. exd4 Nf6 24. Rfc1 Nd5 25. Qf3 Qf6 26. Rf1 Qf5 27. Rcf2 Rac8 28. g4 Qf6 29. Qe4 Qe7 30. f5 Qc7 31. f6 Nxf6 32. Qf3 0-1

[Event "DOM-ch"]
[Site "Santo Domingo"]
[Date "2019.04.28"]
[Round "4"]
[White "King Soriano, Misael"]
[Black "Urena, Andoreny"]
[Result "0-1"]
[WhiteElo "1962"]
[BlackElo "1849"]
[PlyCount "92"]
[EventDate "2019.04.26"]
[EventType "swiss"]
[EventRounds "11"]
[EventCountry "DOM"]
[SourceTitle "CBM 190 Extra"]
[Source "ChessBase"]
[SourceDate "2019.07.15"]
[SourceVersion "1"]
[SourceVersionDate "2019.07.15"]
[SourceQuality "1"]

1. e4 c5 2. Nf3 Nc6 3. d4 cxd4 4. Nxd4 d6 5. Nc3 a6 6. Bc4 Nf6 7. Bb3 e6 8. Be3 Be7 9. f3 0-0 10. Qd2 Qc7 11. 0-0-0 b5 12. g4 Rd8 13. h4 Nd7 14. h5 Nde5 15. g5 Nxd4 16. Qxd4 Nxf3 17. Qd3 Ne5 18. Qe2 Bd7 19. Kb1 Rab8 20. Rdg1 a5 21. a4 bxa4 22. Nxa4 Bxa4 23. Bxa4 Rb4 24. Bb3 Nc4 25. Bd4 Na3+ 26. bxa3 Rxd4 27. a4 Rb8 28. Ka2 Qc5 29. g6 d5 30. h6 Qa3+ 31. Kb1 fxg6 32. Qe3 Rxa4 33. Qc3 Bf8 34. exd5 exd5 35. Rf1 gxh6 36. Qb2 Qxb2+ 37. Kxb2 Rab4 38. Kc3 Bg7+ 39. Kd2 Rd4+ 40. Kc1 a4 41. c3 Rc8 42. Bc2 Rxc3 43. Rh2 a3 44. Re2 Rc8 45. Kb1 Rb4+ 46. Kc1 a2 0-1

[Event "DOM-ch"]
[Site "Santo Domingo"]
[Date "2019.04.26"]
[Round "1"]
[White "Ferreira Fernandez, Sergio"]
[Black "Urena, Andoreny"]
[Result "1-0"]
[WhiteElo "2110"]
[BlackElo "1849"]
[PlyCount "97"]
[EventDate "2019.04.26"]
[EventType "swiss"]
[EventRounds "11"]
[EventCountry "DOM"]
[SourceTitle "CBM 190 Extra"]
[Source "ChessBase"]
[SourceDate "2019.07.15"]
[SourceVersion "1"]
[SourceVersionDate "2019.07.15"]
[SourceQuality "1"]

1. d4 d5 2. c4 c6 3. Nc3 Nf6 4. Nf3 e6 5. Bg5 Be7 6. e3 Nbd7 7. Qc2 h6 8. Bh4 0-0 9. Bd3 dxc4 10. Bxc4 Nd5 11. Bxe7 Qxe7 12. 0-0 N7b6 13. Bb3 Bd7 14. Ne4 f5 15. Nc5 Be8 16. Rfe1 Bg6 17. Ne5 Bh7 18. Qd2 a5 19. a3 Kh8 20. Rac1 Rf6 21. Ba2 Ra7 22. Bb1 Nc7 23. e4 Qd8 24. Rcd1 Kg8 25. f3 Qd6 26. Ba2 Kf8 27. Re3 f4 28. Rb3 Nca8 29. a4 Bg8 30. Bb1 Ke7 31. Rc1 Kd8 32. Ba2 Kc7 33. Kh1 h5 34. Qf2 g5 35. Ned3 Rf8 36. Ne5 Rd8 37. Rd3 Kb8 38. Qd2 Nc7 39. h3 Ne8 40. Rb1 Nf6 41. b4 axb4 42. Rxb4 Nbd7 43. Nc4 Qc7 44. Rxb7+ Rxb7 45. Na6+ Kc8 46. Nxc7 Kxc7 47. Qa5+ Nb6 48. Qe5+ Kc8 49. Nxb6+ 1-0